000 00674nam a2200229Ia 4500
003 OSt
005 20220926012409.0
006 a|||||r|||| 00| 0
007 ta
008 220923b |||||||| |||| 00| 0 eng d
037 _cGeneral Book
040 _aRTL
_cRTL
_beng
041 _2eng
_aeng
082 _aY73(P6):47.73.N5, L6
100 _aRustin Bayard
_9316362
245 0 _aStrategies for freedom
_b The changing patterns of black pro test
260 _aNew York
_bColombus University Press
_c1976
300 _a82p
_ccm.
650 _aNegroes
942 _hY73(P6):47.73.N5, L6
_cGB
_2CC
999 _c622783
_d622783